000 00864nac a22002417a 4500
001 BR6001325
003 BR-BrBNA
005 20240105113003.0
008 230509b bl.|||m| |||| 00| 0 por d
040 _aBR-BrBNA
_bpor
_cBiblioteca Nacional de Agricultura
072 _aF00; E10
090 _aF00 BR6001325
100 1 _aGuedes, O.E.
110 1 _aInspetoria Federal do Servico de Plantas Texteis em Pernambuco, Recife (Brasil)
_95605
245 1 _aRelatorio das atividades da Inspetoria Federal do Servico de Plantas Texteis em Pernambuco 1938 [Brasil]
260 3 _aRecife, PE (Brasil):
_c1939.
300 _a116 p.
490 _aRelatorio - Inspetoria Federal do Servico de Plantas Texteis em Pernambuco (Brazil)
_v
_x
650 _aPLANTA TEXTIL
650 _aPERNAMBUCO
909 _a202312
_bLúcia Elande
_c55
_dLúcia Elande
942 _2AGRIS
_n0
_cMS
999 _c261288
_d261288